000 00909nam a2200265 i 4500
001 160332
003 ES-MaACL
005 20250804062646.0
008 040922e1860 fr |||| | fre d
040 _aCAM
_bspa
_cCAM
080 _a821.133.1-31"18"
100 1 _aMuller, Eugène,
_d1823-1913
_eaut
_9130277
245 1 3 _aLa Mionette ;
_bLa ronde du loup /
_cpar Eugène Muller.
250 _a4e éd.
260 _aParis :
_bLibrairie de L. Hachette et C.,
_c1860
_f(Imp. de Ch. Lahure et C.)
300 _a211 páginas ;
_c18 cm.
505 0 _aMon village: p. 1-10
655 0 _aNovelas
_9234319
740 3 2 _aLa ronde du loup
740 0 2 _aMon village
852 _aES-MaACL
_cDEPOF
_eFalto de cub. original
_hDonativo Haes
_jT-217-F-5
_xEn lomo: Haes
_xEnc. en un vol. facticio
_xHolandesa
942 _2udc
_cFOLLETOS
_n0
999 _c160332
_d160332